Ekonomicko-environmentálna efektívnosť výroby biometánu z ciroku diplomová práca

Enregistré dans:
Détails bibliographiques
Auteur principal: Porvasová, Jana
Collectivité auteur: Podnikovohospodárska fakulta EU so sídlom v Košiciach. Katedra manažmentu
Autres auteurs: Majerník, Milan, 1952-
Format: Livre
Langue:slovaque
Publié: Košice 2013
Tags: Ajouter un tag
Pas de tags, Soyez le premier à ajouter un tag!

MARC

LEADER 00000nbm a2200000 4500
001 0170234
005 20161109102330.5
041 0 |a slo 
044 |a SK 
245 1 0 |a Ekonomicko-environmentálna efektívnosť výroby biometánu z ciroku  |b diplomová práca  |c Jana Porvasová ; školiteľ: Milan Majerník 
264 1 |a Košice  |c 2013 
300 |a 75 s. 
100 1 |a Porvasová, Jana 
700 1 |a Majerník, Milan, 1952- 
710 2 |a Podnikovohospodárska fakulta EU so sídlom v Košiciach. Katedra manažmentu